书目信息 |
| 题名: |
万里茶道
|
|
| 作者: | 邓九刚 著 | |
| 分册: | ||
| 出版信息: | 呼和浩特 远方出版社 2016.1 |
|
| 页数: | 270页 | |
| 开本: | 24cm | |
| 丛书名: | ||
| 单 册: | ||
| 中图分类: | F752.751.2 | |
| 科图分类: | ||
| 主题词: | 中俄关系--双边贸易--贸易史--清代 | |
| 电子资源: | ||
| ISBN: | 978-7-5555-0521-1 | |
| 000 | 00866nam0 2200241 450 | |
| 001 | 351864 | |
| 005 | 20161017110326.66 | |
| 010 | @a978-7-5555-0521-1@dCNY36.00 | |
| 100 | @a20160301d2016 em y0chiy50 ea | |
| 101 | 0 | @achi |
| 102 | @aCN@b150000 | |
| 105 | @aa z 000yy | |
| 106 | @ar | |
| 200 | 1 | @a万里茶道@e康熙皇帝与彼得大帝的商贸往事@f邓九刚著 |
| 210 | @a呼和浩特@c远方出版社@d2016.1 | |
| 215 | @a270页@c图,照片@d24cm | |
| 330 | @a本书分为来自西方的信风、中俄商贸的第一个蜜月期、旅蒙商唱出的大风歌、悲情岁月4个栏目,包括遗落在草原深处的记忆、康熙皇帝与彼得大帝的邂逅、俄国商队与北京城、跪倒在康熙皇帝脚下的俄国使臣等内容。 | |
| 517 | 1 | @a康熙皇帝与彼得大帝的商贸往事 |
| 606 | 0 | @a中俄关系@x双边贸易@x贸易史@z清代 |
| 690 | @aF752.751.2@v5 | |
| 701 | 0 | @a邓九刚@f(1948~)@4著 |
| 801 | 0 | @aCN@bTANGWEI@c20161010 |
| 905 | @b0896900-4@dF752.751.2@e48@f5 | |
| 万里茶道:康熙皇帝与彼得大帝的商贸往事/邓九刚著.-呼和浩特:远方出版社,2016.1 |
| 270页:图,照片;24cm |
| ISBN 978-7-5555-0521-1:CNY36.00 |
| 本书分为来自西方的信风、中俄商贸的第一个蜜月期、旅蒙商唱出的大风歌、悲情岁月4个栏目,包括遗落在草原深处的记忆、康熙皇帝与彼得大帝的邂逅、俄国商队与北京城、跪倒在康熙皇帝脚下的俄国使臣等内容。 |
| ● |
| 相关链接 |
|
|
|
|
正题名:万里茶道
索取号:F752.751.2/48
 
预约/预借
| 序号 | 登录号 | 条形码 | 馆藏地/架位号 | 状态 | 备注 |
| 1 | 0896900 | 208969008 | 第一样本阅览室/ [索取号:F752.751.2/48] | 在馆 | |
| 2 | 0896901 | 208969017 | 第一借阅区/ [索取号:F752.751.2/48] | 在馆 | |
| 3 | 0896902 | 208969026 | 第一借阅区/ [索取号:F752.751.2/48] | 在馆 | |
| 4 | 0896903 | 208969035 | 第一借阅区/ [索取号:F752.751.2/48] | 在馆 | |
| 5 | 0896904 | 208969044 | 第一借阅区/ [索取号:F752.751.2/48] | 在馆 |